Trvání v proměně česká literatura devatenáctého století

Bibliographic Details
Main Author: Haman, Aleš, 1932- (Author)
Format: Book
Language:Czech
PhysicalDescription:370 s. faks. 21 cm
Published: Praha Arsci 2007
ISBN:9788086078717
Edition:1. vyd.
Subjects:

MARC

LEADER 00000nam a2200000 a 4500
001 vtls009000931
003 SK-MaSNL
005 20260426011931.0
008 240315s2007 xr h g 001 0 cze
020 |a 9788086078717  |q (viaz.) 
040 |a SNK  |b slo  |c SNK  |e AACR2 
041 0 |a cze 
043 |a e-xr--- 
044 |a xr  |c CZ 
072 7 |a 821.162.3.09  |x Česká literatúra (o nej)  |2 konspekt 
080 |a 821.162.3  |2 2001 
080 |a 821.162.3-051  |2 2001 
080 |a 82-027.22  |2 2001 
080 |a 316.72/.75  |2 2001 
080 |a (437.3)  |2 2001 
080 |a (048.8)  |2 2001 
100 1 |a Haman, Aleš,  |d 1932-  |4 aut  |9 236145 
245 1 0 |a Trvání v proměně  |b česká literatura devatenáctého století  |c Aleš Haman 
246 3 0 |a Česká literatura devatenáctého století 
250 |a 1. vyd. 
260 |a Praha  |b Arsci  |c 2007 
300 |a 370 s.  |b faks.  |c 21 cm 
504 |a Obsahuje bibliogr. 
648 7 |a 19. stor.  |2 SNKPH  |9 278793 
650 0 7 |a česká literatúra  |2 SNKPH  |9 1178 
650 0 7 |a českí spisovatelia  |2 SNKPH  |9 82537 
650 0 7 |a literárny život  |2 SNKPH  |9 3769 
650 0 7 |a kultúra a spoločnosť  |2 SNKPH  |9 4083 
650 0 7 |a Czech literature  |2 SNKPHeng  |9 270822 
650 0 7 |a Czech authors  |2 SNKPHeng  |9 281656 
650 0 7 |a Literary life  |2 SNKPHeng  |9 265321 
650 0 7 |a Culture and society  |2 SNKPHeng  |9 265089 
651 7 |a Česko  |2 SNKPHeng  |9 16753 
651 7 |a Czechia  |2 SNKPHeng  |9 170107 
655 7 |a monografie  |2 SNKPH  |9 70139 
655 7 |a Monographs  |2 SNKPHeng  |9 120675 
919 |a 978-80-86078-71-7 
999 |c 1084313  |d 1086243 
952 |t snkHAM 885  |a SNKUST  |b SNKUST  |y PREZ  |7 0  |p 17A0555818  |o snkIC 135180  |i snk2007/17246  |8 4  |g 13.28  |0 0  |1 0  |4 0  |d 2007-06-20  |l 0  |r 2025-04-28 00:00:00  |w 2026-02-24